Socjologia gospodarcza w okresie przemian
Salvato in:
| Altri autori: | |
|---|---|
| Natura: | Libro |
| Lingua: | polacco |
| Pubblicazione: |
Poznan
Wydawnictwo Akademii Ekonomicznej w Poznaniu
1997
|
| Edizione: | 1. wyd. |
| Serie: | Zeszyty naukowe
249 |
| Soggetti: | |
| Tags: |
Nessun Tag, puoi essere il primo ad aggiungerne!!
|
MARC
| LEADER | 00000nam a2200000 4500 | ||
|---|---|---|---|
| 001 | c021760 | ||
| 005 | 20240417130003.0 | ||
| 041 | 0 | |a pol | |
| 044 | |a PL | ||
| 245 | 1 | 0 | |a Socjologia gospodarcza w okresie przemian |c Ved. red. Franciszek Krzykala |
| 250 | |a 1. wyd. | ||
| 264 | 1 | |a Poznan |b Wydawnictwo Akademii Ekonomicznej w Poznaniu |c 1997 | |
| 300 | |a 163 s. | ||
| 490 | 1 | |a Zeszyty naukowe |v 249 | |
| 830 | 0 | |a Zeszyty naukowe |v 249 | |
| 610 | 2 | 0 | |a sociológia |
| 610 | 2 | 0 | |a obdobie prechodné |
| 610 | 2 | 0 | |a konflikty |
| 610 | 2 | 0 | |a náboženstvo |
| 610 | 2 | 0 | |a privatizácia |
| 610 | 2 | 0 | |a transformácia |
| 610 | 2 | 0 | |a zdravie |
| 610 | 2 | 0 | |a politika sociálna |
| 610 | 2 | 0 | |a koncepcie |
| 610 | 2 | 0 | |a spoločnosť |
| 610 | 2 | 0 | |a modernizácia |
| 610 | 2 | 0 | |a potreby spoločenské |
| 610 | 2 | 0 | |a potreby ekonomické |
| 610 | 2 | 0 | |a potreby sociálne |
| 610 | 2 | 0 | |a zabezpečenie sociálne |
| 610 | 2 | 0 | |a problémy spoločenské |
| 610 | 2 | 0 | |a menšiny národnostné |
| 610 | 2 | 0 | |a Poľsko |
| 700 | 1 | |a Krzykala, Franciszek | |